000 00308nam a2200121Ia 4500
008 220216s9999 xx 000 0 und d
100 _aWilson D
245 0 _aLatex impregnation for non-woven fabrics
260 _bRubber Developments
_c1957
300 _a81-84
650 _aLatex impregnation
942 _cJS
999 _c62036
_d62036